Guess the Country from The Population Pyramid - Statistics

General Stats
  • This quiz has been taken 28 times
  • The average score is 4 of 10
Answer Stats
Picture Answer % Correct
United Kingdom
65%
Nigeria
60%
Saudi Arabia
60%
China
55%
Russia
40%
Japan
30%
Italy
25%
Monaco
25%
Turkey
15%
Singapore
10%
No matching quizzes found
Score Distribution
Percent of People with Each Score
Percentile by Number Answered
Your Score History
You have not taken this quiz